[Event "Moravia-ch8 corr9800"]
[Site "Czech Republic"]
[Date "1998.??.??"]
[Round "1.34"]
[White "Dostal, Jaroslav"]
[Black "Ryska, Jiri"]
[Result "1/2-1/2"]
[WhiteElo "2240"]
[BlackElo "2195"]
[PlyCount "117"]
[EventDate "1998.??.??"]
[EventType "tourn (corr)"]
[EventRounds "16"]
[EventCountry "CZE"]
[SourceTitle "Corr 2002"]
[Source "ChessBase"]
[SourceDate "2002.05.23"]
[SourceVersion "1"]
[SourceVersionDate "2002.05.23"]
[SourceQuality "1"]

1. d4 Nf6 2. c4 c5 3. d5 b5 4. cxb5 a6 5. e3 g6 6. Nc3 Bg7 7. Nf3 0-0 8. bxa6 d6 9. Be2 Bxa6 10. 0-0 Nbd7 11. Bxa6 Rxa6 12. Qe2 Qb6 13. e4 Rfa8 14. h3 Qb4 15. Qc2 Ne8 16. a3 Qb7 17. Rb1 Rb6 18. Na4 Rb3 19. Nd2 Rb5 20. Nc3 Rb6 21. Nc4 Rb3 22. Na2 Rb5 23. a4 Rb3 24. Bd2 Qb8 25. Nc1 Rb7 26. Nd3 Qc7 27. b3 e6 28. Nf4 e5 29. Ne2 Rbb8 30. f3 Ra6 31. Rb2 Bf6 32. Rfb1 Bd8 33. Nc3 Qc8 34. Nb5 Bh4 35. Rc1 Qd8 36. Qd3 Rba8 37. Rbc2 Bg3 38. Rf1 Qh4 39. Be3 Rb8 40. Bf2 Bxf2+ 41. Rcxf2 g5 42. Kh2 Ndf6 43. Ne3 Ng7 44. g3 Qh5 45. Ng4 Nge8 46. Kg2 h6 47. Ne3 Ng7 48. Nf5 Nxf5 49. exf5 Ne8 50. g4 Qh4 51. Rb2 h5 52. Nc3 Raa8 53. b4 Rxb4 54. Rxb4 cxb4 55. Ne4 Rxa4 56. Qc2 b3 57. Qc6 Ra2+ 58. Rf2 Rxf2+ 59. Nxf2 1/2-1/2

[Event "Moravia-ch8 corr9800"]
[Site "Czech Republic"]
[Date "1998.??.??"]
[Round "35"]
[White "Makovsky, Petr"]
[Black "Dostal, Jaroslav"]
[Result "1/2-1/2"]
[WhiteElo "2310"]
[BlackElo "2240"]
[PlyCount "51"]
[EventDate "1998.??.??"]
[EventType "tourn (corr)"]
[EventRounds "16"]
[EventCountry "CZE"]
[SourceTitle "Corr 2002"]
[Source "ChessBase"]
[SourceDate "2002.05.23"]
[SourceVersion "1"]
[SourceVersionDate "2002.05.23"]
[SourceQuality "1"]

1. e4 d6 2. d4 Nf6 3. Nc3 g6 4. f4 Bg7 5. Nf3 0-0 6. Bd3 Nc6 7. 0-0 Bg4 8. e5 dxe5 9. dxe5 Nd5 10. h3 Nxc3 11. bxc3 Bf5 12. Be3 Qc8 13. Nd4 Nxd4 14. cxd4 Bxd3 15. Qxd3 e6 16. c4 c6 17. Rab1 Rd8 18. Bf2 Bf8 19. Bh4 Rd7 20. Rfd1 b6 21. Kh1 Be7 22. Bxe7 Rxe7 23. d5 cxd5 24. cxd5 exd5 25. Rbc1 Qb7 26. Qxd5 1/2-1/2